Environmentálna politika v kontexte riešení logistiky podniku

Životné prostredie a logistika – synergické aspekty, podmienky a predpoklady v súčasnom rozvoji podnikov na Slovensku. Environmentálna stratégia rozvoja podnikov. Rozvoj tzv. zelenej a reverznej (spätnej) logistiky. Procesný prístup a optimalizácia environmentálne orientovanej logistiky podniku.

Na minha lista:
Detalhes bibliográficos
Autor principal: Dupaľ, Andrej
Formato: Capítulo de Livro
Idioma:eslovaco
Assuntos:
Tags: Adicionar Tag
Sem tags, seja o primeiro a adicionar uma tag!

MARC

LEADER 00000nla$a2200000$$$4500
001 0128321
005 20240502072451.0
041 0 |a slo 
044 |a SK 
245 1 0 |a Environmentálna politika v kontexte riešení logistiky podniku  |c Andrej Dupaľ 
520 |a Životné prostredie a logistika – synergické aspekty, podmienky a predpoklady v súčasnom rozvoji podnikov na Slovensku. Environmentálna stratégia rozvoja podnikov. Rozvoj tzv. zelenej a reverznej (spätnej) logistiky. Procesný prístup a optimalizácia environmentálne orientovanej logistiky podniku. 
610 2 0 |a ochrana prostredia životného 
610 2 0 |a logistika 
610 2 0 |a politika environmentálna 
610 2 0 |a doprava 
610 2 0 |a skladovanie 
610 2 0 |a energia 
610 2 0 |a materiál 
610 2 0 |a riadenie strategické 
610 2 0 |a podnik 
610 2 0 |a Slovensko 
100 1 |a Dupaľ, Andrej